| 000 | 00550cam a2200217 a 4500 | ||
|---|---|---|---|
| 001 | sa 64000203 | ||
| 003 | DLC | ||
| 005 | 20260227111954.0 | ||
| 008 | 950622s1962 pk 000 0 urdo | ||
| 010 | _asa 64000203 | ||
| 025 | _aPL480:P-U-101 | ||
| 035 | _a(OCoLC)32693376 | ||
| 040 |
_aDLC _cDLC |
||
| 050 | 0 | 0 |
_aPK2200.Z313 _bA7 1962 |
| 100 | 0 |
_aẒafar Iqbāl, _d1933- |
|
| 245 | 1 | 0 |
_aĀb-i ravān̲ / _cẒafar Iqbāl. |
| 260 |
_cLāhaur : _bNayā Idārah, _c1962. |
||
| 300 |
_a100 p. ; _c22 cm. |
||
| 500 | _aPoems. | ||
| 546 | _aIn Urdu. | ||
| 999 |
_c56091 _d56091 |
||